La ciencia de la cultura: un estudio sobre el hombre y la civilización
Saved in:
| Hovedforfatter: | |
|---|---|
| Format: | Bog |
| Sprog: | spansk |
| Udgivet: |
Buenos Aires
Paidós
1974
|
| Serier: | Biblioteca de Psicología Social y Sociología, 22
|
| Fag: | |
| Tags: |
Tilføj Tag
Ingen Tags, Vær først til at tagge denne postø!
|
MARC
| LEADER | 00000nam a2200000 a 4500 | ||
|---|---|---|---|
| 001 | UCR0037 | ||
| 003 | CL-VaPUC | ||
| 008 | 971129e19740000AG |||||||||||||||||spa|d | ||
| 082 | 0 | 4 | |a 306 |b WHI |2 21 |
| 100 | 0 | |a White, Leslie A |e author |9 395361 | |
| 245 | 1 | 3 | |a La ciencia de la cultura: un estudio sobre el hombre y la civilización |
| 300 | |a 398 p | ||
| 942 | |c BK | ||
| 945 | |d 19971129 00:00:00 |a jquezada | ||
| 260 | |a Buenos Aires |b Paidós |c 1974 | ||
| 650 | 0 | |a Sociología |9 255410 | |
| 650 | 0 | |a Antropología cultural |9 269905 | |
| 650 | 7 | |a TEORIA |2 CL-VaPUC |9 395362 | |
| 650 | 7 | |a SIMBOLO |2 CL-VaPUC |9 394838 | |
| 650 | 7 | |a HERRAMIENTAS |2 CL-VaPUC |9 263987 | |
| 650 | 0 | |a Cultura |9 269059 | |
| 650 | 0 | |a Conducta humana |9 269906 | |
| 650 | 0 | |a Psicología |9 257863 | |
| 650 | 0 | |a Civilización |9 255823 | |
| 583 | |a last modification |c 19971129 00:00:00 |k Rodrigo Vera | ||
| 490 | 0 | |a Biblioteca de Psicología Social y Sociología, 22 | |
| 999 | |c 263695 |d 263693 | ||
| 952 | |0 0 |1 0 |4 0 |6 306_000000000000000_WHI_1974 |7 0 |8 A |9 293076 |a BIBGIM |b BIBGIM |d 2019-11-19 |i 3374173 |o 306 WHI 1974 |p 3374173 |r 2025-01-15 |w 2019-11-19 |y BK |k GIM | ||